| 000 | 00435nam a2200169Ia 4500 | ||
|---|---|---|---|
| 008 | 230711s9999||||xx |||||||||||||| ||und|| | ||
| 020 | _a978-93-83286-67-6 | ||
| 041 | _aENG | ||
| 082 |
_a658.421 _bLE-E |
||
| 100 | _aLeon,Alexis | ||
| 245 | 0 | _aERP Demystified | |
| 250 | _a3rd Ed. | ||
| 260 |
_c2015 _aNew Delhi _bMcGraw Hill Education(India) Private Limited |
||
| 300 | _a614p. | ||
| 650 | _aUNIVESITY BUSNIESS SCHOOL | ||
| 942 | _cBK | ||
| 999 |
_c6005 _d6005 |
||